[Event "Parma Province-ch"]
[Site "Salsomaggiore Terme"]
[Date "2015.03.22"]
[Round "5"]
[White "Melino, Gianluca"]
[Black "Ollari, Luca"]
[Result "1/2-1/2"]
[WhiteElo "1790"]
[BlackElo "1820"]
[PlyCount "95"]
[EventDate "2015.03.20"]
[EventType "swiss"]
[EventRounds "5"]
[EventCountry "ITA"]
[SourceTitle "EXT 2017"]
[Source "ChessBase"]
[SourceDate "2016.10.25"]
[SourceVersion "1"]
[SourceVersionDate "2016.10.25"]
[SourceQuality "1"]

1. Nf3 Nf6 2. c4 g6 3. b4 Bg7 4. Bb2 0-0 5. g3 d6 6. Bg2 Nc6 7. Qb3 a5 8. b5 a4 9. Qd1 Nb8 10. Na3 c5 11. 0-0 Nbd7 12. d3 h6 13. Nd2 Nb6 14. Qc2 Qc7 15. Ne4 Be6 16. Nxf6+ exf6 17. e4 Rfd8 18. Bc3 f5 19. Bxg7 Kxg7 20. Qc3+ Kh7 21. f4 Rg8 22. Rae1 fxe4 23. dxe4 f5 24. Re3 fxe4 25. Rxe4 Bf5 26. Re3 Rae8 27. Rfe1 Rxe3 28. Qxe3 Rg7 29. h3 Qf7 30. Qe2 Qf6 31. Qd2 Rd7 32. g4 Be6 33. Bf1 d5 34. Qe2 Rd6 35. cxd5 Bxd5 36. Qe7+ Qxe7 37. Rxe7+ Kg8 38. Re2 Kf7 39. Kf2 Re6 40. Rc2 Nd7 41. Nc4 b6 42. Rd2 Nf6 43. Bd3 Bxc4 44. Bxc4 Ne4+ 45. Ke3 Nxd2+ 46. Kxd2 Ke7 47. Bxe6 Kxe6 48. Ke3 1/2-1/2

[Event "Parco del Taro op 1st"]
[Site "Collecchio"]
[Date "2004.03.12"]
[Round "1"]
[White "Ollari, Luca"]
[Black "Cottarelli, Franco"]
[Result "0-1"]
[WhiteElo "1500"]
[BlackElo "1932"]
[PlyCount "94"]
[EventDate "2004.03.12"]
[EventType "swiss"]
[EventRounds "5"]
[EventCountry "ITA"]
[SourceTitle "EXT 2007"]
[Source "ChessBase"]
[SourceDate "2006.11.23"]
[SourceVersion "1"]
[SourceVersionDate "2006.11.23"]
[SourceQuality "1"]

1. e4 c6 2. d4 d5 3. e5 Bf5 4. g4 Bd7 5. f4 e6 6. Nf3 c5 7. Be3 cxd4 8. Bxd4 Nc6 9. Nc3 Nxd4 10. Qxd4 Ne7 11. Qd3 Nc6 12. 0-0-0 Qa5 13. Qb5 Qc7 14. Qe2 a6 15. h4 Bb4 16. Qd2 Rc8 17. a3 Ba5 18. Bd3 d4 19. Nxd4 Nxd4 20. Be4 Bxc3 21. bxc3 Nb5 22. Rh3 Bc6 23. Bxc6+ Qxc6 24. c4 Na7 25. Rd3 0-0 26. Rd8 Qxc4 27. Rxf8+ Rxf8 28. Qd7 Qxf4+ 29. Kb1 Nb5 30. Rd3 Qxe5 31. Qe7 Nc3+ 32. Kc1 Qf4+ 33. Kb2 Nd5 34. Qd7 Qe5+ 35. Kc1 Qe1+ 36. Kb2 b5 37. h5 b4 38. Rb3 a5 39. axb4 axb4 40. Rd3 Qe5+ 41. Kc1 Qg5+ 42. Kb2 Qxg4 43. h6 Qg1 44. Qd6 Ra8 45. c4 bxc3+ 46. Kc2 Qf2+ 47. Kb3 Qa2# 0-1